México y solidaridad americana (Record no. 96767)

MARC details
000 -LEADER
campo de control de longitud fija 01204nam a2200217 i 4500
001 - NÚMERO DE CONTROL
campo de control 96767
003 - IDENTIFICADOR DE NÚMERO DE CONTROL
campo de control ES-MaACL
005 - FECHA Y HORA DE LA ÚLTIMA TRANSACCIÓN
campo de control 20250928102045.0
007 - CAMPO FIJO DE DESCRIPCIÓN FÍSICA--INFORMACIÓN GENERAL
campo de control de longitud fija t|
008 - DATOS DE LONGITUD FIJA--INFORMACIÓN GENERAL
campo de control de longitud fija 050630s1918 sp ||||1| spa d
100 1# - ENTRADA PRINCIPAL--NOMBRE DE PERSONA
Nombre de persona Manero, Antonio.
9 (RLIN) 75983
245 10 - MENCIÓN DEL TÍTULO
Título México y solidaridad americana
Resto del título : la doctrina Carranza /
Mención de responsabilidad, etc. Antonio Manero.
260 ## - PUBLICACIÓN, DISTRIBUCIÓN, ETC.
Lugar de publicación, distribución, etc. Madrid :
Nombre del editor, distribuidor, etc. Editorial América,
Fecha de publicación, distribución, etc. 1918.
300 ## - DESCRIPCIÓN FÍSICA
Extensión 244 p. ;
Dimensiones 19 cm.
505 8# - NOTA DE CONTENIDO CON FORMATO
Nota de contenido con formato Contiene: Conceptos de don Venustiano Carranza.--Carranza y el México nuevo (conferencia pronunciada en el Instituto histórico y geogránco brasilero)--México y sus leyes (conferencia pronunciada en el Colegio de abogados de Lima)-- Las organizaciones bancarias y el caso de México (conferencia pronuniada en la Biblioteca nacional de Chile)--México y la solidaridad americana (conferencial pronunciada en la Facultad de ciencias económicas de la Universidad de Buenos Aires)--Discurso pronunciada ante la tumba de Bolívar.--Nota.
600 14 - PUNTO DE ACCESO ADICIONAL DE MATERIA--NOMBRE DE PERSONA
Nombre de persona Carranza, Venustiano,
Fechas asociadas al nombre 1859-1920
9 (RLIN) 35508
600 14 - PUNTO DE ACCESO ADICIONAL DE MATERIA--NOMBRE DE PERSONA
Nombre de persona Bolívar, Simón,
Fechas asociadas al nombre 1783-1830
9 (RLIN) 29964
651 #4 - PUNTO DE ACCESO ADICIONAL DE MATERIA--NOMBRE GEOGRÁFICO
Nombre geográfico México-
Subdivisión general Historia-
Subdivisión geográfica 1910-1946.
9 (RLIN) 9066
852 ## - LOCALIZACIÓN
Ubicación ES-MaACL
Número de control de estantería F-4515
Holdings
Estatus retirado Estado de pérdida Estado de daño No para préstamo Biblioteca de origen Biblioteca actual Ubicación en estantería Fecha de adquisición Fuente de adquisición Total de préstamos Signatura topográfica completa Código de barras Visto por última vez Precio de reemplazo Tipo de ítem Koha
        Biblioteca del Ateneo de Madrid Biblioteca del Ateneo de Madrid Depósito 2 17/01/2008     F-4515 1101025 23/02/2023 23/02/2023 Libro impreso